| 000 | 00342nam a2200121Ia 4500 | ||
|---|---|---|---|
| 008 | 230907s9999||||xx |||||||||||||| ||und|| | ||
| 082 |
_a891.4393 _bUMM |
||
| 245 | 0 | _aتم آخری جزیرہ ہو , Tum aakhri jazeera ho / | |
| 260 |
_aIlm-O-Irfan Publishers, _bLahore : _c2016 |
||
| 300 | _a816 p. | ||
| 650 | _aUrdu Literature | ||
| 942 | _cBK | ||
| 999 |
_c599762 _d599762 |
||